Nokia 7610

Bibliographic Details
Main Author: Orgonáš, Jozef (Author)
Format: Article
Language:Slovak
PhysicalDescription:Obr., tab.
ISSN:1335-0226
Subjects:

MARC

LEADER 00000nab a2200000 a 4500
001 vtls001490167
003 SK-MaSNL
005 20260304140315.0
008 250505c2004 xo mr|p|||||||000 b|slo
015 |a SNBRB2005/01  |2 snkbucl 
035 |a (uuid)e815419c-b145-48a9-8af9-c12173e5c466 
035 |a urn:nbn:sk:snk-abtz8 
035 |a (urnnbn)urn:nbn:sk:snk:ar-a05efp 
038 |a SNKBUCL 
040 |a SNKBUCL  |b slo  |c SNKBUCL  |e AACR2 
041 0 |a slo 
044 |a xo  |c SK 
080 |a 621.395.721.5  |2 1997 
100 1 |a Orgonáš, Jozef  |4 aut  |9 197663 
245 1 0 |a Nokia 7610  |c Jozef Orgonáš 
300 |b Obr., tab. 
650 0 7 |a Nokia 7610 (mobilný telefón)  |2 snkbucl  |9 1456502 
650 0 7 |a mobilné telefóny  |2 snkbucl  |9 20365 
773 0 |t PC revue  |g Roč. XII, č. 10 (2004)  |g Roč. 1, č. 5 (2004), s. 12  |x 1335-0226 
773 0 |t Mobil revue  |g Roč. XII, č. 10 (2004)  |g Roč. 1, č. 5 (2004), s. 12  |x 1335-0226 
850 |a Slovenská národná knižnica 
852 |a Slovenská národná knižnica 
954 |a odborná, vedecká literatúra pôvodná (slovenská)  |2 lita 
958 |a article27 
958 |a OND 
958 |a EUIPO 
999 |c 2914813  |d 2916743